Time to stop pretending. (Record no. 5779)

000 -LEADER
fixed length control field 00642nam a2200217 a 4500
001 - CONTROL NUMBER
control field :::00003521$&:&@@
003 - CONTROL NUMBER IDENTIFIER
control field OkBaRHE
005 - DATE AND TIME OF LATEST TRANSACTION
control field 20000607103306.0
008 - FIXED-LENGTH DATA ELEMENTS--GENERAL INFORMATION
fixed length control field s1985 j 000 0 eng u
040 ## - CATALOGING SOURCE
Transcribing agency
100 1# - MAIN ENTRY--PERSONAL NAME
Personal name Palau, Luis.
245 10 - TITLE STATEMENT
Title Time to stop pretending.
260 ## - PUBLICATION, DISTRIBUTION, ETC. (IMPRINT)
Place of publication, distribution, etc Wheaton, IL., :
Name of publisher, distributor, etc Victor Books
Date of publication, distribution, etc c1985
300 ## - PHYSICAL DESCRIPTION
Extent 154 p. ;
Dimensions 21 cm.
650 ## - SUBJECT ADDED ENTRY--TOPICAL TERM
Topical term or geographic name as entry element Bible New Testament 2 Corinthians
650 ## - SUBJECT ADDED ENTRY--TOPICAL TERM
Topical term or geographic name as entry element Christian Life
700 ## - ADDED ENTRY--PERSONAL NAME
Personal name Sorenson, Amanda.
700 ## - ADDED ENTRY--PERSONAL NAME
Personal name Sorenson, Stephen.
942 ## - ADDED ENTRY ELEMENTS (KOHA)
Source of classification or shelving scheme
Koha item type Books
Copies
Full call number Price effective from Date acquired Shelving location Date last seen Damaged status Not for loan Copy number Source of classification or shelving scheme Withdrawn status Permanent Location Barcode Lost status Koha item type
BS 2675.4 .P3T52010-04-142010-04-14General Stacks2018-04-03  1  RHEMA Bible Training College3521 Books